000 03287cam a2200301 4500500
005 20251228045515.0
041 _afre
042 _adc
100 1 0 _aDieng, Serigne Ndame
_eauthor
700 1 0 _aCisse, Daouda
_eauthor
700 1 0 _aLombrail, Pierre
_eauthor
700 1 0 _aAzogui-Levy, Sylvie
_eauthor
245 0 0 _aÉtat de santé, offre et recours aux soins bucco-dentaires chez les enfants sénégalais : synthèse des données disponibles
260 _c2016.
500 _a22
520 _aIntroduction : Les affections bucco-dentaires représentent un problème majeur de santé publique du fait de leur forte prévalence et de leur impact sur la santé générale. Objectif : Cet article a pour objectif de documenter l’état de santé, l’offre et le recours aux soins bucco-dentaires chez les enfants au Sénégal. Méthode : Une revue générale de la littérature disponible a été réalisée. Outre les bases de données Medline et Embase, les sites internet du Ministère de la Santé de l’Action Sociale du Sénégal et de l’Agence Nationale de la Statistique et de la Démographie ont été consultés. Au total, sept articles, trois thèses d’exercice et huit rapports ont été retenus pour l’analyse. Cette revue a été complétée par des entretiens. Résultats : Globalement, les enfants ont un mauvais état de santé bucco-dentaire. L’offre de soins est insuffisante (1 dentiste pour 38 000 habitants) et mal répartie (majoritairement à la capitale) et les recours aux soins sont inégalitaires. Conclusion : Cette revue systématique de la littérature a montré une insuffisance de données fiables sur la santé orale des enfants. Elle a également permis de conclure à une situation générale de santé orale défavorable.
520 _aOral health status, supply of oral and dental care among Senegalese children: a review of available data Introduction: Oral and dental diseases are a major public health problem due to their high prevalence and their impact on general health. Objective: This article reviews the oral health status and oral health care supply and uptake in children. Method: The available literature were reviewed. The Medline and Embase databases, and the Senegal Ministry of Health and Social Action and National Agency of Statistics and Demography (ANSD) websites were consulted. A total of 7 articles, 3 PhD theses and 8 reports were selected for analysis. The review was supplemented by interviews. Results: Overall, children have poor oral health status. Health care supply is insufficient (1 dentist/38,000 residents) and poorly distributed (mostly in the capital) with unequal oral health care uptake. Conclusion: This systematic review of the literature revealed a lack of reliable data on the oral health of children. It also concluded on a generally poor oral health status.
690 _aenfant
690 _aoffre de soins
690 _asanté bucco-dentaire
690 _aSénégal
690 _achild
690 _ahealth care
690 _aoral health status
690 _aSenegal
786 0 _nSanté Publique | 28 | 2 | 2016-06-01 | p. 257-265 | 0995-3914
856 4 1 _uhttps://stm.cairn.info/revue-sante-publique-2016-2-page-257?lang=fr&redirect-ssocas=7080
999 _c1578717
_d1578717